[Event "BAN-ch (Women) 37th"]
[Site "Dhaka"]
[Date "2017.08.26"]
[Round "7"]
[White "Tanzina, Akter Tani"]
[Black "Ahmed, Walijah"]
[Result "0-1"]
[WhiteElo "1643"]
[BlackElo "1566"]
[PlyCount "188"]
[EventDate "2017.08.20"]
[EventType "swiss"]
[EventRounds "9"]
[EventCountry "BAN"]
[SourceTitle "CBM 180 Extra"]
[Source "ChessBase"]
[SourceDate "2017.10.06"]
[SourceVersion "1"]
[SourceVersionDate "2017.10.06"]
[SourceQuality "1"]

1. e4 c5 2. Nf3 e6 3. d4 cxd4 4. Nxd4 a6 5. Nc3 Qc7 6. Be2 Nf6 7. a3 b5 8. f3 Bb7 9. Be3 Nc6 10. Nxc6 Bxc6 11. Na2 d5 12. exd5 Nxd5 13. Bf2 Rd8 14. Qc1 Nf4 15. g3 Nxe2 16. Kxe2 Qb7 17. Qe3 Bxf3+ 18. Qxf3 Rd2+ 19. Ke3 Bc5+ 20. Kxd2 Qxf3 21. Bxc5 Qd5+ 22. Ke2 Qxc5 23. Nc3 Qe5+ 24. Kd2 0-0 25. Rae1 Rd8+ 26. Kc1 Qc5 27. Rhf1 h6 28. Re2 a5 29. Rfe1 b4 30. Ne4 Qc6 31. Re3 Rc8 32. R1e2 Rd8 33. Re1 f5 34. Nf2 Rc8 35. R1e2 Re8 36. h4 Kf7 37. Nd3 Qd6 38. Ne5+ Kg8 39. Rd3 Qa6 40. a4 Rc8 41. Red2 Qb6 42. Nf3 Re8 43. Rd6 Qe3 44. R6d3 Qc5 45. Nd4 Kf7 46. Nf3 Kf6 47. Rd6 Qc4 48. Nd4 Qa2 49. Nb3 Rc8 50. R2d3 Qxa4 51. Re3 Re8 52. Rb6 Qd7 53. Rd3 Qc7 54. Ra6 a4 55. Rxa4 Rc8 56. Na1 Qc4 57. Kd2 Qb5 58. Ra7 Qc5 59. Rad7 Qf2+ 60. Kc1 Qe1+ 61. Rd1 Qxg3 62. R7d4 Qf3 63. Rxb4 Qe3+ 64. Kb1 Qe2 65. Rbd4 g5 66. hxg5+ hxg5 67. R4d2 Qb5 68. Nb3 Rb8 69. Rd6 Qb4 70. R6d4 Qb5 71. Rd6 Rb6 72. Rd8 Rb8 73. R8d6 Qe5 74. R6d2 g4 75. Rh1 Kg5 76. Rdh2 Qg7 77. Rh5+ Kf6 78. Rh6+ Ke5 79. Re1+ Kf4 80. Rhxe6 g3 81. Rf1+ Kg4 82. Re2 f4 83. Re4 Qg5 84. Nd2 g2 85. Rg1 Kg3 86. Re2 Qd5 87. Ne4+ Kf3 88. Nc3 Qb7 89. b3 Qg7 90. Kb2 Rc8 91. Rgxg2 Qxg2 92. Rxg2 Kxg2 93. Ne4 f3 94. c4 Re8 0-1

[Event "BAN-ch (Women) 37th"]
[Site "Dhaka"]
[Date "2017.08.23"]
[Round "4"]
[White "Wadifa, Ahmed"]
[Black "Tanzina, Akter Tani"]
[Result "0-1"]
[WhiteElo "1309"]
[BlackElo "1643"]
[PlyCount "90"]
[EventDate "2017.08.20"]
[EventType "swiss"]
[EventRounds "9"]
[EventCountry "BAN"]
[SourceTitle "CBM 180 Extra"]
[Source "ChessBase"]
[SourceDate "2017.10.06"]
[SourceVersion "1"]
[SourceVersionDate "2017.10.06"]
[SourceQuality "1"]

1. e4 e5 2. Nf3 Nc6 3. Bb5 a6 4. Ba4 Nf6 5. 0-0 Be7 6. Re1 b5 7. Bb3 0-0 8. c3 d6 9. h3 Bb7 10. d4 h6 11. Nbd2 Re8 12. Nf1 Bf8 13. Ng3 g6 14. Bc2 Bg7 15. Be3 Na5 16. b3 Nc6 17. Bc1 Nd7 18. Bb2 Ne7 19. Re2 Kh7 20. Qd2 Ng8 21. Rd1 Qe7 22. Bb1 Rac8 23. b4 Nb6 24. Qc2 Nc4 25. Bc1 c5 26. bxc5 dxc5 27. dxe5 Nxe5 28. Nxe5 Qxe5 29. Re3 c4 30. Rf3 Nf6 31. Bf4 Qe7 32. Re1 Rcd8 33. Qe2 Nd7 34. Re3 Ne5 35. Nf1 Qd7 36. Bxe5 Bxe5 37. Kh1 Re6 38. Qg4 Qc7 39. g3 Bd6 40. Kh2 Bc8 41. f4 Bc5 42. R3e2 Rxe4 43. Qf3 Rxe2+ 44. Rxe2 Qd7 45. Re1 Qxh3# 0-1

[Event "Dhaka Six Seasons"]
[Site "Dhaka"]
[Date "2013.03.30"]
[Round "8"]
[White "Zoar Haque, Prodhan"]
[Black "Tanzina, Akter Tani"]
[Result "1-0"]
[WhiteElo "1943"]
[BlackElo "1677"]
[PlyCount "29"]
[EventDate "2013.03.22"]
[EventType "tourn"]
[EventRounds "9"]
[EventCountry "BAN"]
[SourceTitle "CBM 153 Extra"]
[Source "ChessBase"]
[SourceDate "2013.04.22"]
[SourceVersion "1"]
[SourceVersionDate "2013.04.22"]
[SourceQuality "1"]

1. e4 e5 2. Nf3 Nc6 3. Bc4 Bc5 4. 0-0 Nf6 5. d4 Bxd4 6. Nxd4 Nxd4 7. f4 d6 8. fxe5 dxe5 9. Bg5 Bg4 10. Bxf7+ Kxf7 11. Qxg4 Nxc2 12. Nc3 Qd4+ 13. Kh1 Nxa1 14. Nd5 Rad8 15. Bxf6 1-0

[Event "Dhaka Six Seasons"]
[Site "Dhaka"]
[Date "2013.03.26"]
[Round "5"]
[White "Tanzina, Akter Tani"]
[Black "Haque, Rezaul"]
[Result "0-1"]
[WhiteElo "1677"]
[BlackElo "2133"]
[PlyCount "70"]
[EventDate "2013.03.22"]
[EventType "tourn"]
[EventRounds "9"]
[EventCountry "BAN"]
[SourceTitle "CBM 153 Extra"]
[Source "ChessBase"]
[SourceDate "2013.04.22"]
[SourceVersion "1"]
[SourceVersionDate "2013.04.22"]
[SourceQuality "1"]

1. e4 d6 2. d4 Nf6 3. Nd2 c6 4. Ngf3 Bg4 5. h3 Bh5 6. Be2 Nbd7 7. c4 e5 8. d5 cxd5 9. cxd5 Be7 10. 0-0 0-0 11. Nh2 Bg6 12. Bd3 Nxd5 13. Ndf3 N5f6 14. Re1 Nc5 15. Qe2 Nfxe4 16. Bxe4 Nxe4 17. Rd1 Qa5 18. Nd2 Nc5 19. a3 Bc2 20. b4 Bxd1 21. Qxd1 Qa4 22. Qf3 Ne6 23. Qxb7 Bg5 24. Nhf1 Qc2 25. Qf3 Nd4 26. Qg4 Bh6 27. Kh2 f5 28. Qh5 Bf4+ 29. Kh1 g6 30. Qh4 Rac8 31. g3 Bxd2 32. Nxd2 Qd1+ 33. Kg2 Rxc1 34. Rxc1 Qxc1 35. Nf3 Qc6 0-1